| 000 | 01751nam0a2200349 4500 | ||
|---|---|---|---|
| 001 | RU\NLR\bibl\1347574 | ||
| 005 | 20260406103645.0 | ||
| 021 |
_aRU _b2009-5435 _9307 |
||
| 035 | _a(NLR Aleph) 001332690 | ||
| 090 |
_a810505 _c810505 |
||
| 100 | _a20090327d2008 |||y0rusy50 ca | ||
| 101 | 0 |
_arus _deng |
|
| 102 | _aRU | ||
| 105 | _aa ||||||||| | ||
| 200 | 1 |
_aЧисленное моделирование динамики температурных полей на плоских мишенях при нестационарном интенсивном лазерном воздействии _fМ.П. Галанин, И.С. Ерхов, Е.Ю. Локтионов, Ю.Ю. Протасов |
|
| 210 |
_aМосква _cИнститут прикладной математики РАН _d2008 |
||
| 215 |
_a31 с. _cил. _d20 |
||
| 225 | 1 |
_aПрепринт _fРос. акад. наук, Ин-т прикл. математики им. М.В. Келдыша _vN°61 за 2008 г. |
|
| 300 | _aРез. на англ. яз. | ||
| 320 | _aБиблиогр.: с. 30-31 (17 назв.) | ||
| 606 | 1 |
_aМатериалы _xТеплофизические свойства при лазерной обработке _xЧисленное моделирование _92510658 _3RU\NLR\auth\661488398 |
|
| 686 | _aЖ306.36 | ||
| 701 | 1 |
_4070 _7ca _8rus _aГаланин _bМ. П. _f1956- _gМихаил Павлович _973910 _3RU\NLR\auth\7790983 |
|
| 701 | 1 |
_aЕрхов _bИ. С. _4070 |
|
| 701 | 1 |
_aЛоктионов _bЕ. Ю. _4070 |
|
| 701 | 1 |
_aПротасов _bЮ. Ю. _gЮрий Юрьевич _4070 |
|
| 801 | 0 |
_aRU _bNLR _c20090327 _gRCR |
|
| 801 | 1 |
_aRU _bNLR _c20090327 |
|
| 830 | _aпо ЭК, др. нет | ||
| 942 | _cBOOK | ||
| 980 | _aNB | ||